Miasta w Chorwacji - nagła śmierć - Statystyki

Ogólne statystyki
  • Ten quiz został rozwiązany 218 razy
  • Średni wynik to 7 z 12
Answers on the Grid
Answers color-coded by a green-red scale on the quiz's grid according to % correct below.
Pecz
Poprad
Kranj
Triest
Banja Luka
Zenica
Bjelovar
Dubrownik
Karlovac
Osijek
Pula
Rijeka
Sisak
Slavonski Brod
Split
Szybenik
Zadar
Zagrzeb
 
Statystyki odpowiedzi
Odpowiedź % Poprawnych
Split
90%
Zagrzeb
90%
Zadar
87%
Dubrownik
86%
Rijeka
84%
Osijek
72%
Pula
56%
Szybenik
56%
Karlovac
44%
Bjelovar
33%
Sisak
26%
Slavonski Brod
22%
Nie znaleziono quizów pasujących do podanych kryteriów
Rozkład punktacji
Procent ludzi z każdym wynikiem
Percentyl według liczby udzielonych odpowiedzi
Twoja historia wyników
Nie rozwiązałeś tego quizu